00310nam a2200121Ia 4500008004100000041000800041082001200049100001700061245002800078260004100106300003000147365001100177240624s9999 xx 000 0 und d aeng a954 RAJ aRAJESWAR T V aINDIA THE CRUCIAL YEARS c2015aNew DelhibHarperCollins India aix, : 283 : p. : cm. ; 22 cRSb30